Normal view
MARC view
- Gilli, Angelo C
Entry Personal Name
001 - CONTROL NUMBER
- control field: 101167
003 - CONTROL NUMBER IDENTIFIER
- control field: NUST
005 - DATE AND TIME OF LATEST TRANSACTION
- control field: 20221022140534.0
008 - FIXED-LENGTH DATA ELEMENTS
- fixed length control field: 221022|| aca||aabn | a|a d
040 ## - CATALOGING SOURCE
- Original cataloging agency: NUST
- Transcribing agency: NUST
100 ## - HEADING--PERSONAL NAME
- Personal name: Gilli, Angelo C
670 ## - SOURCE DATA FOUND
- Source citation: Work cat.: (NUST)190989: Gilli, Angelo C., Electrical principles for electronics /, c1978.
